000 00805nam a22002411 4500
001 105181
003 ES-MaACL
005 20230906183815.0
007 t|
008 060615s1963 sp ||||0| spa d
016 7 _zIND9200523475
040 _aM-BN
_bspa
_cA2
080 _a226.4.07
100 1 _aLópez Melús, Francisco María.
_973775
245 1 0 _aPobreza y riqueza en los Evangelios
_b: San Lucas, el evangelista de la pobreza /
_cFrancisco Mª López Melús.
260 _aMadrid :
_bStudium,
_c[1963] (
_fBolaños y Aguilar)
300 _aXL, 237 p., 1 h ;
_c20 cm.
490 1 _aBíblicas ;
_v28
630 0 _aBiblia.
_pN.T.
_pEvangelio según Lucas-
_vComentarios.
_9119296
830 0 _aBíblicas ;
_v28
_9231001
852 _aES-MaACL
_jC-23886
_bR.52234
999 _c105181
_d105181